000 00341nam a2200145 4500
008 190603s2011||||xo d
245 1 0 _aCesta k uspokojeniu mysle
260 _aBratislava
_c2011
_bEugenika
020 _a9788081002212
_c0
041 1 _aslo
044 _axo
_cSK
250 _a1. vydanie
300 _a202 s.
958 _aA
999 _c22473
_d22473